000 00792nam a2200313Ia 4500
003 OSt
005 20231005101337.0
008 210210b1989 xxu||||| |||| 00| 0 eng d
020 _a0 443 04135 0
040 _cAL
041 _aEnglish
082 _a616.01 MACM
100 _aMACKIE
_9136125
245 _aMedical microbiology V2 Practical medical microbiology
250 _a13
260 _aEdinburgh.
_bChurchill Livingstone.
_c1989
300 _axiv,910
440 _a2
_9136126
650 _aV2
_9136127
650 _aPractical
_9136128
650 _amicrobiology
_9136129
650 _aMedical
_9136130
650 _aEd
_9136131
650 _a13
_9136132
690 _aMedical Microbiology
_9136133
700 _aMc CARTNEY
_9136134
906 _a044782
942 _2ddc
_cBK
999 _c94391
_d94391